000 01899nam0a2200361 i 4500
001 RU\NLR\BIBL_A\011363896
005 20260407105728.0
010 _a9785946465717
_9500
021 _aRU
_b2017-16860
_91247
035 _a(RuMoRGB)008820320
035 _a(NLR Aleph) 011363896
090 _a11313531
_c11313531
100 _a20170410d2016 km y0rusy50 ca
101 0 _arus
102 _aRU
105 _aa|||z|||000zy
200 1 _aИнновационно-технологическое развитие региона
_e[монография
_fд.э.н., проф. Куклин А. А., д.э.н. Голова И. М., д.ф.н., проф. Суховей А. Ф. и др.]
_gпод научной редакцией д.э.н., проф. А. А. Куклина [и др.]
_gРоссийская академия наук, Уральское отделение, Институт экономики
210 _aЕкатеринбург
_cИнститут экономики
_d2016
215 _a214 с.
_cил., табл.
_d21
300 _aАвт. указаны на 3-й с.
320 _aБиблиогр.: с. 164-178
606 1 _aИнновационная деятельность
_yУральский федеральный округ
_92295166
_3RU\NLR\AUTH\661374360
686 _aУ9(2)0-551.1,0
_2rubbk
686 1 _aУ9(2)-55(2Р36)
701 1 _aКуклин
_bА. А.
_gАлександр Анатольевич
701 1 _aГолова
_bИ. М.
_gИрина Марковна
701 1 _aСуховей
_bА. Ф.
_cд-р филос. наук, экономика, политика
_gАлла Филипповна
_9180002
_3RU\NLR\AUTH\770180053
712 0 2 _4570
_aИнститут экономики
_cЕкатеринбург
_3RU\NLR\AUTH\889937498
_9369820
942 _cBOOK
980 _aNBR